| 000 | 00581nam a2200181Ia 4500 | ||
|---|---|---|---|
| 003 | GCL | ||
| 008 | 140319s9999 xx 000 0 ara d | ||
| 040 |
_aGCL / _cGCL |
||
| 082 | 0 | 4 |
_a150.1 _bع ت |
| 100 | 1 | _aعلى عبدالسلام على | |
| 245 | 1 | 0 |
_aتاريخ علم النفس : اتجاهاته القديمة والحديثة / _cعلى عبدالسلام على |
| 300 | _a309 ص | ||
| 490 |
_aكتاب _v0 |
||
| 650 | 0 | 4 | _aعلم النفس - مذاهب |
| 650 | 0 | 4 | _aعلم النفس - تاريخ |
| 650 | 0 | 4 | _aعلم النفس - نظريات |
| 942 |
_2ddc _cBK |
||
| 999 |
_c41852 _d41852 |
||